Normal view
MARC view
Entry Topical Term
001 - CONTROL NUMBER
- control field: 28020
003 - CONTROL NUMBER IDENTIFIER
- control field: OSt
005 - DATE AND TIME OF LATEST TRANSACTION
- control field: 20260609150656.0
008 - FIXED-LENGTH DATA ELEMENTS
- fixed length control field: 260609|| aca||aabn | a|a d
040 ## - CATALOGING SOURCE
- Original cataloging agency: OSt
- Transcribing agency: OSt
150 ## - HEADING--TOPICAL TERM
- Topical term or geographic name entry element: Action research in Education-United States-Methodology
670 ## - SOURCE DATA FOUND
- Source citation: Work cat.: (OSt)23690: Sagor Richard 27323, How to Conduct Collaborative Action Research, 1993
